<?xml version="1.0" encoding="UTF-8"?>
<collection xmlns="http://www.loc.gov/MARC21/slim">
 <record>
  <leader>     na                 </leader>
  <controlfield tag="001">INLIS000000000000175</controlfield>
  <controlfield tag="005">20260427033004</controlfield>
  <datafield tag="035" ind1=" " ind2=" ">
   <subfield code="a">0010-0426000174</subfield>
  </datafield>
  <controlfield tag="007">ta</controlfield>
  <controlfield tag="008">260427                c          0 ind  </controlfield>
  <datafield tag="020" ind1=" " ind2=" ">
   <subfield code="a">9786230061561</subfield>
  </datafield>
  <datafield tag="082" ind1=" " ind2=" ">
   <subfield code="a">155.4</subfield>
  </datafield>
  <datafield tag="084" ind1=" " ind2=" ">
   <subfield code="a">155.4 MOO r</subfield>
  </datafield>
  <datafield tag="100" ind1="1" ind2=" ">
   <subfield code="a">Moore, Eileen Kennedy</subfield>
   <subfield code="e">Pengarang</subfield>
  </datafield>
  <datafield tag="245" ind1="1" ind2=" ">
   <subfield code="a">Kid confidence : rasa percaya diri anak :</subfield>
   <subfield code="b">Bantu anak anda berteman, membangun kemampuan beradaptasi, dan mengembangkan harga diri sejati /</subfield>
   <subfield code="c">Eileen Kennedy-Moore,ph.D. ; Penerjemah, Yuniasari Sinta Dewi ; Editor, Rikke M.S. dan Rina K.agata</subfield>
  </datafield>
  <datafield tag="250" ind1=" " ind2=" ">
   <subfield code="a">cetakan kedua</subfield>
  </datafield>
  <datafield tag="300" ind1=" " ind2=" ">
   <subfield code="a">272 halaman ;</subfield>
   <subfield code="c">21 cm</subfield>
  </datafield>
  <datafield tag="650" ind1=" " ind2="4">
   <subfield code="a">Psikologi Anak</subfield>
  </datafield>
  <datafield tag="700" ind1="0" ind2=" ">
   <subfield code="a">Yuniasari Sinta Dewi</subfield>
   <subfield code="e">Penerjemah</subfield>
  </datafield>
  <datafield tag="700" ind1="0" ind2=" ">
   <subfield code="a">Rikke M.S.</subfield>
   <subfield code="e">Penyunting</subfield>
  </datafield>
  <datafield tag="700" ind1="0" ind2=" ">
   <subfield code="a">Rina K. Agata</subfield>
   <subfield code="e">Pengarang</subfield>
  </datafield>
  <datafield tag="520" ind1=" " ind2=" ">
   <subfield code="a">Pendekatan inovatif untuk membantu anak-anak membangun kepercayaan diri yang sejati dan bertahan lama.&#13;
“Aku tidak bisa melakukannya.”&#13;
“Aku tidak cukup baik.”&#13;
“Tidak ada yang menyukaiku.&quot;&#13;
&#13;
Sebagai orangtua, sungguh menyedihkan mendengar anak-anak kita mengatakan hal-hal negatif tentang diri mereka sendiri. Secara naluri kita akan membantah kritik diri mereka, melimpahi mereka dengan pujian, dan berusaha meyakinkan betapa istimewanya mereka.&#13;
&#13;
Namun, dari hasil penelitian didapati bahwa pendekatan semacam ini justru bisa menjadi bumerang. Semakin sering kita mengatakan, “Kamu itu luar biasa!” kepada anak-anak yang meragukan dirinya sendiri, semakin keras mereka membantah, “Aku buruk sekali!” Rasa Percaya Diri Anak adalah panduan mendalam dan praktis untuk membantu anak-anak yang memiliki harga diri rendah.&#13;
&#13;
Buku ini menawarkan strategi yang terbukti efektif, tidak untuk meningkatkan perilaku “mencintai diri sendiri” pada anak-anak, tetapi membimbing mereka agar memiliki keyakinan sejati akan “ego yang tenang”—sifat mendasar yang tidak dipenuhi penilaian diri yang keras. '&#13;
&#13;
Buku inovatif ini membahas secara mendalam cara mengatasi masalah umum yang dihadapi anak-anak dengan harga diri rendah, seperti mudah menyerah, merasa tersisih, bereaksi berlebihan terhadap kritik, atau merasa iri kepada kakak atau adik. Anda juga akan menemukan saran ampuh berdasarkan penelitian untuk membantu anak Anda menjalin persahabatan yang memuaskan, menerima pembelajaran, mengatasi kemunduran, dan menemukan nilai-nilai pribadi yang ada di luar dirinya.</subfield>
  </datafield>
  <datafield tag="740" ind1=" " ind2=" ">
   <subfield code="a">Kid Confidence : Help your child make friend, build resilience, and develop real self-esteem</subfield>
  </datafield>
  <datafield tag="264" ind1=" " ind2=" ">
   <subfield code="a">Jakarta :</subfield>
   <subfield code="b">Elex Media Komputindo,</subfield>
   <subfield code="c">2024</subfield>
  </datafield>
  <datafield tag="336" ind1=" " ind2=" ">
   <subfield code="2">rdacontent</subfield>
   <subfield code="a">Teks</subfield>
  </datafield>
  <datafield tag="337" ind1=" " ind2=" ">
   <subfield code="2">rdamedia</subfield>
   <subfield code="a">Tanpa perantara</subfield>
  </datafield>
  <datafield tag="338" ind1=" " ind2=" ">
   <subfield code="2">rdacarrier</subfield>
   <subfield code="a">Volume</subfield>
  </datafield>
  <datafield tag="990" ind1=" " ind2=" ">
   <subfield code="a">PT000268/25</subfield>
  </datafield>
  <datafield tag="990" ind1=" " ind2=" ">
   <subfield code="a">PC000278/25</subfield>
  </datafield>
  <datafield tag="990" ind1=" " ind2=" ">
   <subfield code="a">AT000282/25</subfield>
  </datafield>
  <datafield tag="990" ind1=" " ind2=" ">
   <subfield code="a">SP000592/25</subfield>
  </datafield>
  <datafield tag="990" ind1=" " ind2=" ">
   <subfield code="a">PP000692/25</subfield>
  </datafield>
  <datafield tag="990" ind1=" " ind2=" ">
   <subfield code="a">KC000772/25</subfield>
  </datafield>
  <datafield tag="990" ind1=" " ind2=" ">
   <subfield code="a">TT001335/25</subfield>
  </datafield>
  <datafield tag="990" ind1=" " ind2=" ">
   <subfield code="a">NM001421/25</subfield>
  </datafield>
 </record>
</collection>
